Vainqueurs du ballon d'or - Statistiques

Statistiques générales
  • Ce quiz a été pris 515 fois
  • Le résultat moyen est 11 sur 19
Answers on the Grid
Answers color-coded by a green-red scale on the quiz's grid according to % correct below.
Stoichkov
Deschamps
Berbatov
Messi
Neymar
Henry
Drogba
Yachine
Papin
Cristiano
Gullit
Mbappé
Salah
Etoo
Rivaldo
Sneijder
Suarez
Nedved
Buffon
Weah
Haaland
Ronaldo
Benzema
Rodri
Di stefano
Maradona
Kaka
Van dijk
Platini
Lewandowski
Matthews
Neuer
Cannavaro
Pelé
Owen
Griezmman
 
Statistiques - réponses
Réponse % Correct
Messi
87%
Cristiano
74%
Ronaldo
65%
Benzema
64%
Rodri
63%
Yachine
62%
Kaka
59%
Papin
59%
Platini
59%
Cannavaro
55%
Nedved
55%
Stoichkov
54%
Rivaldo
52%
Weah
52%
Gullit
51%
Di stefano
49%
Owen
47%
Matthews
36%
Suarez
21%
Aucun quiz correspondant
Distribution des résultats
% des personnes avec chaque résultat
Percentile par nombre de réponses
Votre historique - résultats
Vous n’avez pas pris ce quiz